000
00266nam a22001097a 4500
082
_a
621.588332 AUD'P
100
_a
PROJECTIONIST
_9
60629
245
_a
THE AUDIO VISUAL PROJECTIONIST HANDBOOK
260
_a
USA
_b
BUSSINESS SCREEN
_c
1953
300
_a
38P
942
_c
BK
999
_c
570314
_d
570314